000 00584nam a2200217Ia 4500
005 20260115172750.0
008 008 260114s9999 xx 000 0 eng d
020 _a9781447332923
037 _aEBOOK
040 _aCRL
_beng
_cCRL
041 _aeng
_2eng
084 _qCRL
100 _aPowell
_9878457
245 4 _aThe Political Economy of the Irish Welfare State
260 _bBristol University Press
260 _bCambridge University Press
260 _c2022
856 _uhttps://doi.org/10.46692/9781447332923
942 _cEBOOK
999 _c1477062
_d1477062